01305nam a2200313 a 450000100100000000500170001000800410002702000150006804000250008308200190010810000350012724500920016226000350025430000210028949000280031065000280033865000770036665000310044365000550047465100880052973000510061773000580066873000490072683000350077591000380081004900090084895201170085799900170097400004279620240530073936.0140210s2006 dr 001 e spa d a994585531X aDO-SdBNPbspacBNPHU aRD863.5bH936h1 aHungría, Jimmy,d1956-9119610aHelados que el tiempo derritió y otros artículos :b(1994-2003) /cJimmy Hungría. aSanto Domingo :bVetas,c2006. a414 p. ;c27 cm.1 aColección Voluntadv5 0aEnsayos dominicanos965 4aVida culturalzRepública DominicanavENSAYOS, CONFERENCIAS, ETC.91197 0aLiteratura dominicana.967 4aDiarios dominicanosxSecciones, columnas, etc.944 4aRepública DominicanaxVida Social Y CostumbresvENSAYOS, CONFERENCIAS, ETC.911980 aListín Diario (República Dominicana)911990 aRevista Cultural Vetas (República Dominicana)912000 aEn la Gatera (República Dominicana)970139 0aColección Voluntadn5970140 aValidado. Control de calidad EMS. aBNPD 0010718PDaPDbPDcHDd2014-02-10iLF1l0oRD863.5 H936hp42796-10r2020-06-25w2020-06-25yLFPDZNo se presta c42285d42285